League of Legends (LoL) - SL/SLO Winners - Estadísticas

Estadísticas generales
  • Esta prueba ha sido intentada 55 veces
  • La puntuación promedio es 71 de 156
Estadísticas de respuestas
Split Respuesta % Correcto
LVP SL 2021 Summer Playoffs | LVP SLO 2019 Summer | LVP SLO 2019 Summer Playoffs | +2 others Vodafone Giants
91%
LVP SL 2022 Summer Giants
89%
LVP SL 2024 Spring | LVP SL 2024 Spring Playoffs Los Heretics
84%
LVP SL 2021 Summer | LVP SL 2023 Spring Playoffs | LVP SLO 2018 Summer | +2 others Movistar Riders
84%
LVP SL 2023 Summer Playoffs Movistar RIders
84%
LVP SL 2022 Summer Playoffs Team Heretics
84%
a Th3Antonio
84%
a Elyoya
80%
LVP SL 2022 Spring | LVP SL 2022 Spring Playoffs Fnatic TQ
80%
LVP SL 2021 Spring G2 Arctic
80%
LVP SLO 2018 Summer Playoffs | LVP SLO 2019 Spring | SLO 2018 Spring | SLO 2018 Spring Playoffs MAD Lions
80%
a Supa
75%
a Alvaro
73%
a Fresskowy
73%
a Werlyb
70%
a Myrwn
68%
a Oscarinin
68%
a Razork
68%
LVP SL 2023 Summer BISONS ECLUB
66%
LVP SL 2021 Spring Playoffs UCAM Esports Club
66%
a Attila
64%
a Miniduke
61%
a Nemesis
57%
a Jackspektra
55%
a Isma
52%
a Zwyroo
52%
a Rhuckz
50%
a iBo
48%
a Marky
45%
a Carlsen
43%
a Koldo
43%
a Selfmade
41%
a Whiteinn
41%
a Baca
39%
a Bean
39%
a Legolas
39%
LVP SL 2023 Spring Rebels Gaming
39%
a Xerxe
39%
a Oscure
36%
a Rafitta
36%
a Xico
36%
a Crownshot
34%
a Falco
34%
a Maxi
34%
a Random
34%
a Sertuss
34%
a 113
32%
LVP SLO 2019 Spring Playoffs Splyce Vipers
30%
a NoName
27%
a Bluerzor
25%
a Deadly
23%
a Hatrixx
23%
a JaVaaa
23%
a Jiizuke
23%
a Maxlore
23%
a Milica
23%
a Hatrixx
20%
a Rayito
20%
a denyk
18%
a Keduii
18%
a Plasma
18%
a Kasing
16%
a Lamabear
16%
a Obstinatus
16%
a Prime
16%
a AHaHaCIK
14%
a Dreedy
14%
a Advienne
11%
a DuaLL
11%
a Freeze
11%
a Hadess
11%
a Orome
11%
a PrettyGRE
11%
a R4VEN
11%
a Tierwulf
11%
a xKenzuke
11%
a beansu
9%
a Jeskla
9%
a Samux
9%
a Yoppa
9%
a Efias
7%
a Erdote
7%
a Venzer
5%
a Xyraz/Finn
2%
a Cinkrof
0%
a Klaj
0%
No se encontraron pruebas coincidentes
Distribución de puntuación
Porcentaje de gente con cada puntuación
Porcentaje por número respondido
Historial de tus puntuaciones
No has intentado esta prueba.